000
00233nam a2200097Ia 4500
001
659129
005
20250826154649.0
008
250824s9999 xx 000 0 und d
245
0
_a
BİR YUMAK MUTLULULK
_c
DEBBI MACOMBER
260
_b
MARTI
999
_c
659129
_d
659129